Southville International School and Colleges
Your cart is empty.
  • Cart
  • Lists
    Public lists Eva Luna New books Lux_list list_1
    Your lists Log in to create your own lists
  • Log in to your account
  • Your cookies
  • Search history
Southville International School and Colleges
  • Advanced search
  • Recent comments
  • Most popular
  • Libraries

Log in to your account

Log in with GOOGLE


If you do not have an external account, but do have a local account, you can still log in:

  1. Home
  2. MARC view: Sharkproof :
Normal view MARC view ISBD view

Sharkproof : (Record no. 35452)

[ view plain ]
MARC details
000 -LEADER
fixed length control field 00534nam a22001697a 4500
003 - CONTROL NUMBER IDENTIFIER
control field OSt
005 - DATE AND TIME OF LATEST TRANSACTION
control field 20140311130134.0
008 - FIXED-LENGTH DATA ELEMENTS--GENERAL INFORMATION
fixed length control field 130304t xxu||||| |||| 00| 0 eng d
020 ## - INTERNATIONAL STANDARD BOOK NUMBER
International Standard Book Number 0887306195
050 ## - LIBRARY OF CONGRESS CALL NUMBER
Classification number HF 5382.7
Item number .M153 1993
082 ## - DEWEY DECIMAL CLASSIFICATION NUMBER
Classification number M 650.14
Item number M19 1993
245 ## - TITLE STATEMENT
Title Sharkproof :
Remainder of title get the job you want, keep the job you love... in today's frenzied job market
Statement of responsibility, etc Mackay, Harvey B.
260 ## - PUBLICATION, DISTRIBUTION, ETC. (IMPRINT)
Place of publication, distribution, etc New York :
Name of publisher, distributor, etc HarperCollins Publishers, Inc.,
Date of publication, distribution, etc c1993.
300 ## - PHYSICAL DESCRIPTION
Extent xv, 339 p.
Dimensions 24 cm.
942 ## - ADDED ENTRY ELEMENTS (KOHA)
Source of classification or shelving scheme Library of Congress Classification
Koha item type Books
Call number prefix

No items available.

Sharkproof :

APA

(1993). Sharkproof. New York: HarperCollins Publishers, Inc.

Chicago

1993. Sharkproof. New York: HarperCollins Publishers, Inc.

Harvard

(1993). Sharkproof. New York: HarperCollins Publishers, Inc.

MLA

Sharkproof. New York: HarperCollins Publishers, Inc. 1993.

  • Print
  • Cite
  • Add to your cart (remove)
  • Save record
    BIBTEX Dublin Core MARCXML MARC (non-Unicode/MARC-8) MARC (Unicode/UTF-8) MARC (Unicode/UTF-8, Standard) MODS (XML) RIS
  • More searches
    Search for this title in:
    Other Libraries (WorldCat) Other Databases (Google Scholar) Online Stores (Bookfinder.com) Open Library (openlibrary.org)

Exporting to Dublin Core...

SOUTHVILLE LIBRARY

Southville International School and Colleges Library

1281 Tropical Ave. Cor. Luxembourg St., BF Homes International, Las Pinas City

Tel. No. 8256374 / 252358 Loc. 117/146

Powered by Koha